Estadísticas para Países de tamaños parecidos #1 - México

Haz click aquí para intentar la prueba.

Estadísticas generales

  • Esta prueba ha sido intentada 117 veces
  • La puntuación promedio es 9 de 10

Respuestas en el mapa

Las respuestas están codificadas por una escala verde-roja en el mapa de la prueba según el % correcto abajo.
 

Estadísticas de respuestas

Área de superficie (km^2)País% Correcto
2,736,690Argentina
97%
2,149,690Arabia Saudita
95%
2,381,741Argelia
95%
1,553,556Mongolia
94%
2,267,048República Democrática del Congo
92%
1,531,595Irán
91%
1,731,671Sudán
91%
2,699,700Kazajistán
88%
1,759,540Libia
82%
1,811,569Indonesia
74%

Distribución de puntuación

Porcentaje por número respondido

Porcentaje de gente con cada puntuación

Historial de tus puntuaciones

No has intentado esta prueba.